MARC

LEADER 00000nam0a2200000 4500
001 21409
005 20231101205428.0
035 |a (RuTPU)RU\TPU\book\21608 
035 |a BOOK00021678 
090 |a 21409 
100 |a 20011209d1981 m y0rusy50 ca 
101 0 |a rus  |a eng 
102 |a RU 
105 |a y j 000zb 
200 1 |a Английский язык для химико-технологических вузов  |h Ч. 1  |e учебник  |f Н. Х. Мифтахова 
210 |a Москва  |c Высшая школа  |d 1981 
215 |a 368 с. 
600 1 |a Менделеев  |g Дмитрий Иванович  |b Д. И.  |c учёный-энциклопедист, химик, педагог  |f 1834-1907  |c член-корреспондент Петербургской АН  |2 stltpush  |3 (RuTPU)RU\TPU\pers\1367 
606 1 |a Английский язык  |x Учебные руководства и пособия  |x Учебные руководства и пособия для высшей школы  |2 stltpush  |3 (RuTPU)RU\TPU\subj\29071  |9 52483 
610 1 |a химия 
610 1 |a химическая технология 
610 1 |a периодическая система 
610 1 |a учебные пособия 
686 |a Ш143.21-923  |v LBC/SL-A  |2 rubbk 
700 1 |a Мифтахова  |b Н. Х.  |g Нелли Хусаиновна 
801 0 |a RU  |b 63413507  |c 20011209  |g PSBO 
801 2 |a RU  |b 63413507  |c 20200622  |g PSBO 
942 |c BK